Catálogo
 En Linea

Las Atlántidas : (Registro nro. 10299)

Detalles MARC
000 -CABECERA
campo de control de longitud fija 00647cam a2200193 a 4500
001 - NÚMERO DE CONTROL
campo de control 000010541
005 - FECHA Y HORA DE LA ÚLTIMA TRANSACCIÓN
campo de control 20250429112052.0
008 - DATOS DE LONGITUD FIJA--INFORMACIÓN GENERAL
campo de control de longitud fija 810403s1943 ag a 000 0 spa d
040 ## - FUENTE DE LA CATALOGACIÓN
Centro catalogador/agencia de origen DO-SdBNP
Lengua de catalogación spa
Centro/agencia transcriptor BNPHU
082 ## - NÚMERO DE LA CLASIFICACIÓN DECIMAL DEWEY
Número de clasificación 901.9
Número de documento/Ítem O77a, 1943
100 1# - ENTRADA PRINCIPAL--NOMBRE DE PERSONA
Nombre de persona Ortega y Gasset, José,
Fechas asociadas al nombre 1883-1955.
9 (RLIN) 5769
245 14 - MENCIÓN DE TÍTULO
Título Las Atlántidas :
Resto del título con unas figuras del Sudán y de la China /
Mención de responsabilidad, etc. José Ortega y Gasset.
250 ## - MENCIÓN DE EDICIÓN
Mención de edición 2a ed.
260 ## - PUBLICACIÓN, DISTRIBUCIÓN, ETC.
Lugar de publicación, distribución, etc. Buenos Aires, Argentina :
Nombre del editor, distribuidor, etc. Sudamericana,
Fecha de publicación, distribución, etc. 1943.
300 ## - DESCRIPCIÓN FÍSICA
Extensión 88 p. :
Otras características físicas il. ;
Dimensiones 25 cm.
650 #0 - PUNTO DE ACCESO ADICIONAL DE MATERIA--TÉRMINO DE MATERIA
Término de materia o nombre geográfico como elemento de entrada Historia antigua
9 (RLIN) 18158
651 #4 - PUNTO DE ACCESO ADICIONAL DE MATERIA--NOMBRE GEOGRÁFICO
Nombre geográfico China
Subdivisión general Civilización
9 (RLIN) 25569
651 #4 - PUNTO DE ACCESO ADICIONAL DE MATERIA--NOMBRE GEOGRÁFICO
Nombre geográfico Sudán
Subdivisión general Civilización
9 (RLIN) 25570
Existencias
Estado de retiro Estado de pérdida Restricciones de uso No para préstamo Código de colección Localización permanente Ubicación/localización actual Ubicación en estantería Fecha de adquisición Número de inventario Total de préstamos Signatura topográfica completa Código de barras Fecha visto por última vez Número de copia Precio válido a partir de Tipo de ítem Koha
    Préstamo interno Préstamo restrigido Monografías: Libros y Folletos General General En encuadernación 07.10.2009 LF1   901.9 O77a, 1943 10541-10 25.06.2020 e.2 25.06.2020 Préstamo interno
        Monografías: Libros y Folletos General General Depósito 07.10.2009 LF1   901.9 O77a, 1943 10541-20 25.06.2020   25.06.2020 Préstamo en sala

Con tecnología Koha